书目信息 |
| 题名: |
数学科学与辩证法
|
|
| 作者: | 李浙生 著 | |
| 分册: | ||
| 出版信息: | 北京 首都师范大学出版社 1995 |
|
| 页数: | 276页 | |
| 开本: | 20cm | |
| 丛书名: | ||
| 单 册: | ||
| 中图分类: | O1- 0 | |
| 科图分类: | ||
| 主题词: | 数学 | |
| 电子资源: | ||
| ISBN: | 7-81039-567-X | |
| 000 | 00519nam0 2200181 450 | |
| 001 | 0732828906 | |
| 005 | 20070903090708.90 | |
| 010 | @a7-81039-567-X@d¥14.40 | |
| 100 | @a20070903d km y0chiy0120 ea | |
| 101 | 0 | @achi |
| 200 | 1 | @a数学科学与辩证法@Ashu xue ke xue yu bian zheng fa@f李浙生著@Fli zhe sheng zhu |
| 210 | @a北京@c首都师范大学出版社@d1995 | |
| 215 | @a276页@d20cm | |
| 606 | 0 | @a数学 |
| 690 | @aO1- 0@v3 | |
| 701 | 0 | @a李浙生@Ali zhe sheng@4著 |
| 801 | 0 | @aCN@bPFT@c20070903 |
| 905 | @a213230@dO1- 0@eS66@f1 | |
| 数学科学与辩证法/李浙生著.-北京:首都师范大学出版社,1995 |
| 276页;20cm |
| ISBN 7-81039-567-X:¥14.40 |
| ● |
| 相关链接 |
|
|
|
|
正题名:数学科学与辩证法
索取号:O1- 0/S66
 
预约/预借
| 序号 | 登录号 | 条形码 | 馆藏地/架位号 | 状态 | 备注 |
| 1 | 6700092 | 267000924 | 密集书库-数信学院/ [索取号:O1- 0/S66] | 在馆 |